| 000 | 01733nam a2200517 i 4500 | ||
|---|---|---|---|
| 001 | 55814 | ||
| 003 | KOSZ 005 | ||
| 005 | 20211210084211.0 | ||
| 008 | 050906s2005 pl a f f |000 0 pol | ||
| 015 | _aUWD 2007/3758 | ||
| 020 | _a8373616632 | ||
| 035 | _a991026573249705066 | ||
| 035 | _a(PL-WaBN)b17219632-48omnis_nlop | ||
| 035 | _ab17219632 | ||
| 035 | _a(OCoLC)749909280 | ||
| 035 | _azz2005904094 | ||
| 035 | _a(PL)b0000001721963 | ||
| 035 | _a(EXLNZ-48OMNIS_NETWORK)9910523217505606 | ||
| 040 |
_aWA N _cWA N _dKOSZ 005/HR |
||
| 041 | 1 |
_apol _heng |
|
| 046 | _k2005 | ||
| 080 | _a004.32 | ||
| 080 | _a004.35 | ||
| 080 | _a004.382.7 | ||
| 080 | _a(07) | ||
| 100 | 1 |
_aGook, Michael _eAutor |
|
| 245 | 1 | 0 |
_aInterfejsy sprzętowe komputerów PC / _cMichael Gook ; [tł. Radosław Meryk, Przemysław Szeremiota]. |
| 246 | 1 |
_iTyt. oryg.: _aPC Hardware interfaces : _ba devoloper's reference, _f2004 |
|
| 260 |
_aGliwice : _bWydawnictwo Helion, _ccop. 2005. |
||
| 300 |
_a533 s. : _bil. ; _c25 cm. |
||
| 336 |
_aTekst _btxt _2rdacontent |
||
| 337 |
_aBez urządzenia pośredniczącego _bn _2rdamedia |
||
| 338 |
_aWolumin _bnc _2rdacarrier |
||
| 380 | _aKsiążki | ||
| 388 | _a2001- | ||
| 650 | 7 |
_aInterfejsy sprzętowe _2DBN |
|
| 650 | 7 |
_aMinikomputery i mikrokomputery _2DBN |
|
| 655 | 7 |
_aPodręcznik _2DBN |
|
| 658 | _aInformatyka i technologie informacyjne | ||
| 700 | 1 |
_aMeryk, Radosław _eTłumaczenie |
|
| 700 | 1 |
_aSzeremiota, Przemysław _eTłumaczenie |
|
| 710 | 2 |
_aHelion _4pbl |
|
| 856 |
_uhttp://koha.tu.koszalin.pl/cgi-bin/koha/opac-detail.pl?biblionumber=55814 _yKatalog online BPK |
||
| 942 |
_2UKD _cKS |
||
| 999 |
_c55814 _d55814 |
||